Tilastot visalle Suomivisailu - muistatko mitä tapahtui 2000-luvulla Suomessa ja maailmalla?

Klikkaa tästä pelataksesi tätä visaa!

Yleistilastot

  • Tätä visaa on pelattu 446 kertaa
  • Keskiarvotulos 4 / 10

Vastaustilastot

VuosiVihjeAnswer% Oikein
2001Hiihdon MM-kilpailuissa Lahdessa suomalaisten hiihtäjien käyttämä kielletty dopingaine oli nimeltään _________.Hemohes
66%
2002Irakin presidentin ______________ ilmoitettiin saaneen 100 prosentin kannatuksen maan presidentinvaaleissa. Vaaleissa ei ollut muita ehdokkaita.Saddam Husseinin
57%
2004TV-sarjan ___________ viimeinen jakso esitettiin Yhdysvalloissa. 30 sekunnin mainos ohjelman aikana maksoi 2 miljoonaa dollaria.Frendit
51%
2006Lordi voitti euroviisut, jotka pidettiin ____________ (Kaupunki?)Ateenassa
51%
2000Tarja Halonen valittiin presidentiksi voitettuaan toisella kierroksella ______________. (Kenet?)Esko Ahon
48%
2003________________ valittiin Suomen pääministeriksi.Anneli Jäätteenmäki
48%
2005Uudeksi paaviksi valittiin ___________ XVI.Benedictus
47%
2007Nightwish-yhtyeen uutena laulusolistina aloitti _______________.Anette Olzon
25%
2008Suomen neljänneksi idols-voittajaksi valittiin _______________.Koop Arponen
22%
2009___________(mikä maa?) otti euron käyttöön virallisena valuuttana.Slovakia
13%

Tulosjakauma

Persentiili vastausten määrän mukaan

Jokaisen tuloksen saaneiden osuus

Tuloshistoriasi

Et ole pelannut tätä visaa